<?xml version="1.0" encoding="UTF-8"?>
<record
    xmlns:xsi="http://www.w3.org/2001/XMLSchema-instance"
    xsi:schemaLocation="http://www.loc.gov/MARC21/slim http://www.loc.gov/standards/marcxml/schema/MARC21slim.xsd"
    xmlns="http://www.loc.gov/MARC21/slim">

  <leader>00659cam a22002291  4500</leader>
  <controlfield tag="001">sa 65003782 </controlfield>
  <controlfield tag="003">DLC</controlfield>
  <controlfield tag="005">20260227112125.0</controlfield>
  <controlfield tag="008">851105s1965    ii            000 0btelx </controlfield>
  <datafield tag="010" ind1=" " ind2=" ">
    <subfield code="a">sa 65003782 </subfield>
  </datafield>
  <datafield tag="025" ind1=" " ind2=" ">
    <subfield code="a">PL480:I-Te-1000</subfield>
  </datafield>
  <datafield tag="035" ind1=" " ind2=" ">
    <subfield code="a">(OCoLC)13893385</subfield>
  </datafield>
  <datafield tag="040" ind1=" " ind2=" ">
    <subfield code="a">DLC</subfield>
    <subfield code="c">NN</subfield>
    <subfield code="d">DLC</subfield>
  </datafield>
  <datafield tag="042" ind1=" " ind2=" ">
    <subfield code="a">premarc</subfield>
  </datafield>
  <datafield tag="050" ind1="0" ind2="0">
    <subfield code="a">DS479.1.T54</subfield>
    <subfield code="b">S9</subfield>
  </datafield>
  <datafield tag="100" ind1="2" ind2=" ">
    <subfield code="a">Suryanarayana Murty, Yarramilli.</subfield>
  </datafield>
  <datafield tag="245" ind1="1" ind2="0">
    <subfield code="a">L&#x14D;kam&#x101;nya Tilak.</subfield>
    <subfield code="c">Racana: Yarramilli S&#x16B;ryan&#x101;r&#x101;ya&#x1E47;a m&#x16B;rti.</subfield>
  </datafield>
  <datafield tag="260" ind1=" " ind2=" ">
    <subfield code="a">Ta&#x1E47;uku,</subfield>
    <subfield code="b">Rav&#x12B;ndra Pabli&#x1E63;i&#x1E45;g Haus</subfield>
    <subfield code="c">[1964]</subfield>
  </datafield>
  <datafield tag="300" ind1=" " ind2=" ">
    <subfield code="a">112 p.</subfield>
    <subfield code="c">18 cm.</subfield>
  </datafield>
  <datafield tag="500" ind1=" " ind2=" ">
    <subfield code="a">In Telugu.</subfield>
  </datafield>
  <datafield tag="600" ind1="1" ind2="0">
    <subfield code="a">Tilak, Bal Gangadhar,</subfield>
    <subfield code="d">1856-1920.</subfield>
  </datafield>
  <datafield tag="999" ind1=" " ind2=" ">
    <subfield code="c">63358</subfield>
    <subfield code="d">63358</subfield>
  </datafield>
</record>
